Countries invaded by Nazi Germany in Order - Statistics

General Stats
  • This quiz has been taken 181 times
    155 since last reset
  • The average score is 12 of 18
Answer Stats
Country % Correct
1938 Austria
98%
1939 Poland
97%
1940 Denmark
89%
1938 Czechoslovakia
88%
1940 Norway
87%
1940 France
86%
1940 Netherlands
84%
1940 Belgium
83%
1940 Luxembourg
80%
1941 Soviet Union
64%
1941 Yugoslavia
58%
1941 Greece
57%
1943 {Albania} (under Italian rule)
45%
1943 Italy
42%
1940 {Channel} Islands
41%
1944 Hungary
37%
1943 {Monaco} (under Italian rule)
17%
1944 San Marino
7%
No matching quizzes found
Score Distribution
Percent of People with Each Score
Percentile by Number Answered
Your Score History
You have not taken this quiz since the last reset